000 00542nam a2200181Ia 4500
005 20250326124442.0
008 250326s9999 xx 000 0 und d
037 _aTextbook
040 _aFMSL
_beng
_cFMSL
041 _aeng
_2eng
084 _aX:54.4 L5;1
_qFMSL
100 _aBhagwati J N
245 0 _aForeign trade regimes and economic development: India
_cBhagwati J N; Srinivasan T N
260 _aNew Delhi
_bNew Delhi, Oxford & IBH
_c1975
300 _a261p
942 _cTB
_hX:54.4 L5;1
999 _c1273755
_d1273755